000 00485nam a2200193Ia 4500
005 20250508155200.0
008 008 250505s9999 xx 000 0 eng d
037 _aTextual
040 _aFEDL
_beng
_cFEDL
041 _aeng
_2eng
084 _aB, WES
_qFEDL
100 _aThomas Henry
245 0 _aGeorge Westinghouse
260 _aDelhi, India
_bS Chand and Co
_c1962
300 _a106p.
365 _aINR
_b1
942 _cTEXL
_hB, WES
999 _c1354978
_d1354978